• 首页
  • 本馆介绍
  • 公告通知
  • 最新文献
  • 馆藏检索
  • 电子资源
  • 读者导购
  • 参考咨询
  • 我的图书馆
  • 登录
  • 详细信息显示
  • 放入我的书架
  • 预约/预借图书
  • 作者相关作品
  • 分类相关作品
  • 丛书相关作品
  • 出版社相关作品

书目信息

  • 表格格式
  • 工作单格式
  • 卡片格式
题名:
影视美学
    
 
作者: 彭吉象 著
分册:  
出版信息: 北京   北京大学出版社  2002
页数: 381页
开本: 21cm
丛书名: 北京大学影视艺术丛书
单 册:
中图分类: J901
科图分类:
主题词: 电视(艺术)--艺术美学 , 电影美学 , 电视(艺术) , 艺术美学
电子资源:
ISBN: 7-301-04931-5
000 00867oam2 2200289 450
001 012007728878
005 20070522170226.84
010    @a7-301-04931-5@dCNY20.00
100    @a20070514d2002 km y0chiy0120 ea
101 0  @achi
102    @aCN@b110000
105    @ay z 000yy
106    @ar
200 1  @a影视美学@Aying shi mei xue@f彭吉象著@Fpeng ji xiang zhu
210    @a北京@c北京大学出版社@d2002
215    @a381页@d21cm
225 2  @a北京大学影视艺术丛书
330    @a本书包括:经典电影美学理论、现代电影美学理论、影视艺术的文化特性、影视艺术的美学特性、影视艺术的审美心理等内容。
461  0 @12001 @a北京大学影视艺术丛书
606 0  @a电视(艺术)@x艺术美学
606 0  @a电影美学
606 0  @a电视(艺术)
606 0  @a艺术美学
690    @aJ901@v4
701  0 @a彭吉象@Apeng ji xiang@4著
801  0 @aCN@bRULIN@c20070522
905    @dJ901@e205@s8
    
    影视美学/彭吉象著.-北京:北京大学出版社,2002
    381页;21cm.-(北京大学影视艺术丛书)
    
    
    ISBN 7-301-04931-5:CNY20.00
    本书包括:经典电影美学理论、现代电影美学理论、影视艺术的文化特性、影视艺术的美学特性、影视艺术的审美心理等内容。
●
相关链接 在E读中查询图书 在五车中查询图书 在当当中查询图书 在豆瓣中查询图书


正题名:影视美学     索取号:J901/205         预约/预借

序号 登录号 条形码 馆藏地/架位号 状态 备注
1 0575413   205754138   第一样本阅览室/ [索取号:J901/205] 在馆    
2 0575414   205754147   第一借阅区/ [索取号:J901/205] 在馆    
3 0575415   205754156   第一借阅区/ [索取号:J901/205] 在馆    
4 0575416   205754165   第一借阅区/ [索取号:J901/205] 在馆    
5 0575417   205754174   第一借阅区/ [索取号:J901/205] 在馆    
6 0575418   205754183   第一借阅区/ [索取号:J901/205] 在馆    
7 0575419   205754192   第一借阅区/ [索取号:J901/205] 在馆    
8 0575420   205754209   第一借阅区/ [索取号:J901/205] 在馆    
唐山师范学院图书馆 欢迎您!
大连网信软件有限公司© 版权所有